| 000 | 00624nam a22002057a 4500 | ||
|---|---|---|---|
| 003 | OSt | ||
| 005 | 20220107122814.0 | ||
| 008 | 160520b xxu||||| |||| 00| 0 eng d | ||
| 020 | _a9781781007129 | ||
| 040 | _cIIITMK | ||
| 082 | _a910.285 STI/S | ||
| 100 |
_aStimson, Robert _99639 |
||
| 245 |
_aStudies in applied geography and spatial analysis: _bAddressing real world issues _cRobert Stimson(Ed.) |
||
| 260 |
_aUK, _bEdward Elgar _c2012. |
||
| 300 | _axx, 372p. | ||
| 650 |
_aGEOGRAPHICAL INFORMATION SYSTEMS _99640 |
||
| 650 |
_aSPATIAL ANALYSIS _99641 |
||
| 700 |
_aHaynes, Kingsley E. (Eds.) _99642 |
||
| 942 |
_2ddc _cBK |
||
| 999 |
_c5198 _d5198 |
||